000 00495nam a22001697a 4500
005 20250326121438.0
008 250326b |||||||| |||| 00| 0 eng d
020 _a9781861522207
050 _aHF1009
_b.5 DOO
100 _aDoole, Isobel
245 _aInternational marketing strategy;
_banalysis, development and implementation
260 _aLondon
_bInternational Thomson Business Press
_cc1994
300 _axx, 508p
700 _aLowe Robin
700 _aPhilips Chris
942 _2lcc
_cBK
_n0
999 _c5208
_d5208